<?xml version="1.0" encoding="UTF-8"?>
<collection xmlns="http://www.loc.gov/MARC21/slim">
  <record>
    <leader>00000nam  2200000   4500</leader>
    <controlfield tag="001">INLIS000000000006148</controlfield>
    <controlfield tag="005">20191115092541</controlfield>
    <datafield tag="035" ind1="#" ind2="#">
      <subfield code="a">0010-1119000107</subfield>
    </datafield>
    <controlfield tag="007">ta</controlfield>
    <controlfield tag="008">191115################g##########0#ind##</controlfield>
    <datafield tag="020" ind1="#" ind2="#">
      <subfield code="a">9794562122</subfield>
    </datafield>
    <datafield tag="082" ind1="#" ind2="#">
      <subfield code="a">301</subfield>
    </datafield>
    <datafield tag="084" ind1="#" ind2="#">
      <subfield code="a">301 Pen</subfield>
    </datafield>
    <datafield tag="100" ind1=" " ind2="#">
      <subfield code="a">McGlynn, Frank</subfield>
    </datafield>
    <datafield tag="245" ind1="1" ind2="#">
      <subfield code="a">Pendekatan Antropologi pada Perilaku Politik /</subfield>
      <subfield code="c">Frank McGlynn</subfield>
    </datafield>
    <datafield tag="260" ind1="#" ind2="#">
      <subfield code="a">Jakarta :</subfield>
      <subfield code="b">UI Press,</subfield>
      <subfield code="c">2000</subfield>
    </datafield>
    <datafield tag="300" ind1="#" ind2="#">
      <subfield code="a">ix, 435 hlm. :</subfield>
      <subfield code="b">ilus ;</subfield>
      <subfield code="c">23 cm</subfield>
    </datafield>
    <datafield tag="650" ind1="#" ind2="#">
      <subfield code="a">antropologi</subfield>
    </datafield>
    <datafield tag="700" ind1=" " ind2="#">
      <subfield code="a">Tuden, Arthur</subfield>
    </datafield>
    <datafield tag="520" ind1="#" ind2="#">
      <subfield code="a">Kekuasaan selalu ada dalam permasalahan manusia; dan menurut definisinya,  kekuasaan ialah menempatkan dimensi materi, psikologi, dan sosial dari ekkuasaan politik, dan direproduksikan dalam masyarakat. Kumpulan esai ini menyoroti pertalian teoritis antropologi dan politik. Setelah diterbitkan dalam jurnal Ethnology, esai-esai ini disajikan dalam ruang kuliah agar memperoleh tanggapan dari mahasiswa. Tujuan utamanya ialah mengkaji perilaku dalam berbagai periode yang berhubungan dengan sikap kekuasaan sosial.</subfield>
    </datafield>
    <datafield tag="856" ind1="#" ind2="#">
      <subfield code="a">Perpustakaan Lembaga Administrasi Negara</subfield>
    </datafield>
    <datafield tag="990" ind1="#" ind2="#">
      <subfield code="a">04108644</subfield>
    </datafield>
    <datafield tag="990" ind1="#" ind2="#">
      <subfield code="a">04108645</subfield>
    </datafield>
    <datafield tag="990" ind1="#" ind2="#">
      <subfield code="a">04108646</subfield>
    </datafield>
  </record>
</collection>
